000 00565nam a2200181Ia 4500
003 GCL
008 140319s9999 xx 000 0 ara d
040 _aGCL /
_cGCL
082 0 4 _a813.01
_bم خ
100 1 _aمحمد السباعى
245 1 0 _aالخادمة /
_cمحمد السباعى
700 1 _aمحمد عبدالحليم عبدالله (تقديم)
300 _a254 ص
650 0 4 _aالقصص القصيرة
650 0 4 _aالقصص العربية القصيرة
650 0 4 _aالادب العربى - العصر الحديث
942 _2ddc
_cBK
999 _c42193
_d42193